Post-traumatic stress disorder and chronic health conditions (Record no. 80867)
[ view plain ]
| 000 -LEADER | |
|---|---|
| fixed length control field | 02300nam a2200325 a 4500 |
| 082 04 - DEWEY DECIMAL CLASSIFICATION NUMBER | |
| Classification number | 616.85/21 |
| 245 00 - TITLE STATEMENT | |
| Title | Post-traumatic stress disorder and chronic health conditions |
| 260 ## - PUBLICATION, DISTRIBUTION, ETC. (IMPRINT) | |
| Place of publication | Washington, D.C. : |
| Name of publisher | American Public Health Association, |
| Year of publication | c2013. |
| 300 ## - PHYSICAL DESCRIPTION | |
| Number of Pages | xii, 261 p. |
| 505 0# - FORMATTED CONTENTS NOTE | |
| Formatted contents note | Introduction -- Overview of post-traumatic stress disorder / Steven S. Coughlin and Rebecca Boehm McNeil -- The epidemiology of post-traumatic stress disorder / Steven S. Coughlin -- Post-traumatic stress disorder and other psychiatric conditions / Steven S. Coughlin -- Post-traumatic stress disorder and substance abuse and dependence / Steven S. Coughlin and Laura Herrera -- Post-traumatic stress disorder and chronic pain / Jennifer Jane Runnals, Elizabeth Van Voorhees, and Patrick S. Calhoun -- Post-traumatic stress disorder and obesity, diabetes, and the metabolic syndrome / Steven S. Coughlin and Yasmin S. Cypel -- Post-traumatic stress disorder and cardiovascular disease / Steven S. Coughlin -- Post-traumatic stress disorder and traumatic brain injury / Steven S. Coughlin, Patrick M. Sullivan, Julie C. Chapman -- Conclusions and recommendations -- Toward an improved understanding of post-traumatic stress disorder and -- Chronic health conditions / Steven S. Coughlin and J. Wesson Ashford. |
| 650 #0 - SUBJECT ADDED ENTRY--TOPICAL TERM | |
| Topical Term | Post-traumatic stress disorder |
| Topical Term | Chronic diseases. |
| 700 1# - ADDED ENTRY--PERSONAL NAME | |
| Personal name | Coughlin, Steven S. |
| 856 40 - ELECTRONIC LOCATION AND ACCESS | |
| Uniform Resource Identifier | http://site.ebrary.com/lib/rucke/Doc?id=10571253 |
No items available.
